000 00571nam a2200217Ia 4500
003 BUBTL
008 151213s9999 xx 000 0 und d
020 _a007058883-X
082 _a515.2433
_bSPF
100 _aMarry R. Speegel
245 _aFourier Analysis
_cMarry R. Speegel
260 _aNew York
_bTata mc Graw Hill
_c1974
300 _a191p . :
_b28cm .
500 _aIncludes Index .
650 _aMathematics
650 _aMathematics
700 _aMarry R. Speegel
856 _k0
_l0
_yDownload
942 _2ddc
_cBK
999 _c3344
_d3344